La lucha contra la pobreza rural (Registro nro. 7885)
[ vista simple ]
| 000 -LEADER | |
|---|---|
| fixed length control field | 01556 a2200241 4500 |
| 001 - CONTROL NUMBER | |
| control field | 62938 |
| 005 - DATE AND TIME OF LATEST TRANSACTION | |
| control field | 20260407155923.0 |
| 008 - FIXED-LENGTH DATA ELEMENTS--GENERAL INFORMATION | |
| fixed length control field | 260407a1975 arg spa d |
| 003 - CONTROL NUMBER IDENTIFIER | |
| control field | AR-UNSa-BCEJYS |
| 040 ## - CATALOGING SOURCE | |
| Original cataloging agency | AR-UNSa-BCEJYS |
| Language of cataloging | spa |
| Transcribing agency | AR-UNSa-BCEJYS |
| 080 ## - UNIVERSAL DECIMAL CLASSIFICATION NUMBER | |
| Universal Decimal Classification number | 37.018 |
| Common auxiliary subdivision | Formas básicas de la educación (Educación No Formal) |
| 020 ## - INTERNATIONAL STANDARD BOOK NUMBER | |
| International Standard Book Number | 978-84-309-0559-1 |
| 041 ## - LANGUAGE CODE | |
| Language code of text/sound track or separate title | spa |
| 100 1# - MAIN ENTRY--PERSONAL NAME | |
| Personal name | Coombs, Philip H. |
| 245 10 - TITLE STATEMENT | |
| Title | La lucha contra la pobreza rural |
| Name of part/section of a work | Estudio preparado para el Banco Mundial por el Consejo Internacional para el Desarrollo de la Educación |
| 264 #1 - PRODUCTION, PUBLICATION, DISTRIBUTION, MANUFACTURE, AND COPYRIGHT NOTICE | |
| Place of production, publication, distribution, manufacture | Madrid : |
| Name of producer, publisher, distributor, manufacturer | Tecnos |
| Date of production, publication, distribution, manufacture, or copyright notice | 1975 |
| 300 ## - PHYSICAL DESCRIPTION | |
| Extent | 371 p. |
| Dimensions | 23 cm. |
| 505 ## - FORMATTED CONTENTS NOTE | |
| Formatted contents note | 1. Antecedentes de estudio - 2. Consideración sobre la educación rural - 3. Los programas de extensión en la agricultura - 4. Los programas de capacitación en la agricultura - 5. La capacitación para profesiones no agrícolas - 6. El método de la autoayuda en el desarrollo rural - 7. El enfoque integrado del desarrollo agrícola - 8. Crítica de la educación agrícola y de los sistemas de investigación - 9. Crítica de los programas de capacitación para profesiones rurales no agrícolas - 10. Perfeccionamiento de las tecnologías de la educación no formal - 11. La economía de la educación no formal - 12. Planificación, organización, dirección y formación del personal - 13. Recapitulación y comentario final - |
| 590 ## - LOCAL NOTE (RLIN) | |
| Local note | niveau_biblio:m niveau_hierar:0 |
| 700 1# - ADDED ENTRY--PERSONAL NAME | |
| Personal name | Ahmed, Manzoor |
| 700 1# - ADDED ENTRY--PERSONAL NAME | |
| Personal name | Consejo Internacional para el Desarrollo de la Educación (CIDE) |
| 942 ## - ADDED ENTRY ELEMENTS (KOHA) | |
| Koha item type | |
| Withdrawn status | Lost status | Damaged status | Not for loan | Home library | Current library | Shelving location | Date acquired | Total checkouts | Full call number | Barcode | Date last seen | Price effective from | Koha item type |
|---|---|---|---|---|---|---|---|---|---|---|---|---|---|
| Biblioteca Prof. Eusebio Cleto del Rey | Biblioteca Prof. Eusebio Cleto del Rey | 07/04/2026 | 37.018 C775 | L65137 | 07/04/2026 | 07/04/2026 | Libro |